000 00484nam a2200193Ia 4500
008 240510s9999 xx 000 0 und d
020 _a0000906812178
041 _aEng
082 _a005.133
082 _bS72
100 _aSTEWART, Ian : JONES, Robin
245 0 _aPeek poke byte and RAM BASIC programming for the ZX81
260 _bCheshire : Shiva
260 _c1982
300 _a109 p.
650 _aBasic programming : ZX81 computers
942 _2ddc
942 _cLBK
999 _c26282
_d26282
945 _a1
_bMadushi Gamage
_c1
_dMadushi Gamage